000 01052nam a2200229 a 4500
001 000903570
003 AM-YeHGA
005 20250618074115.0
008 120702s2012 ai bc r 000 0 arm d
020 _z978-5-540-02254-6
040 _aAM-YeHGA
041 0 _aarm
100 1 _aՄուրադյան, Մանուկ Նորիկի,
_d1955-2013
_94101
245 1 0 _aՈւսուբ բեկ :
_bՈւրվագծեր եզդի ժողովրդի, ազգապետերի մի տոհմի, հայ-եզդիական կապերի պատմություն /
_cՄ. Մուրադյան; Մասնագիտ. խմբ.՝ Կ. Խաչատրյան; Խմբ.՝ Վ. Սարգսյան.
260 _aԵրևան :
_bՀայաստան,
_c2012.
300 _a400 էջ :
_bլուսանկ. ;
_c21 սմ.
650 1 4 _aՀայ ժողովրդի պատմություն
650 1 4 _aԵզդի ժողովրդի պատմություն
700 1 _aԽաչատրյան, Կարեն
_eխմբ.
_4edt
_96785
700 1 _aՍարգսյան, Վահագն Մկրտչի,
_d1962-
_eխմբ.
_4edt
_94013
090 _c314981
999 _c313263
_d313263